MAASAI MARA UNIVERSITY

LIBRARY CATALOGUE

Contact Us: +254 020 2685356/7 or 0774 057787

Box: 861-20500, NAROK, KENYA

Email: info@mmarau.ac.ke

Forecasting : (Record no. 17158)

MARC details
000 -LEADER
fixed length control field 00920nam a22002657a 4500
003 - CONTROL NUMBER IDENTIFIER
control field OSt
005 - DATE AND TIME OF LATEST TRANSACTION
control field 20211124040153.0
008 - FIXED-LENGTH DATA ELEMENTS--GENERAL INFORMATION
fixed length control field 160504b xxu||||| |||| 00| 0 eng d
010 ## - LIBRARY OF CONGRESS CONTROL NUMBER
LC control number 77018806
020 ## - INTERNATIONAL STANDARD BOOK NUMBER
International Standard Book Number 0471937703
040 ## - CATALOGING SOURCE
Original cataloging agency MMU
Transcribing agency MMU
Modifying agency MMU
Language of cataloging eng
050 00 - LIBRARY OF CONGRESS CALL NUMBER
Classification number HD30.27
Item number .M34 1978
082 00 - DEWEY DECIMAL CLASSIFICATION NUMBER
Classification number 338.5/442
100 1# - MAIN ENTRY--PERSONAL NAME
Personal name Makridakis, Spyros G.
245 10 - TITLE STATEMENT
Title Forecasting :
Remainder of title methods and applications /
Statement of responsibility, etc. Spyros Makridakis, Steven C. Wheelwright.
260 ## - PUBLICATION, DISTRIBUTION, ETC. (IMPRINT)
Place of publication, distribution, etc. Santa Barbara, Calif. :
Name of publisher, distributor, etc. Wiley,
Date of publication, distribution, etc. c1978.
300 ## - PHYSICAL DESCRIPTION
Extent xvi, 713 p. :
Other physical details ill. ;
Dimensions 24 cm.
490 0# - SERIES STATEMENT
Series statement The Wiley/Hamilton series in management and administration
500 ## - GENERAL NOTE
General note "A Wiley/Hamilton publication."
504 ## - BIBLIOGRAPHY, ETC. NOTE
Bibliography, etc Includes bibliographies and index.
650 #0 - SUBJECT ADDED ENTRY--TOPICAL TERM
Topical term or geographic name as entry element Forecasting
General subdivision Statistical methods.
700 1# - ADDED ENTRY--PERSONAL NAME
Personal name Wheelwright, Steven C.,
Dates associated with a name 1943-
Relator term joint author.
906 ## - LOCAL DATA ELEMENT F, LDF (RLIN)
a 7
b cbc
c orignew
d 1
e ocip
f 19
g y-gencatlg
942 ## - ADDED ENTRY ELEMENTS (KOHA)
Source of classification or shelving scheme Library of Congress Classification
Koha item type L
Holdings
Withdrawn status Lost status Source of classification or shelving scheme Damaged status Not for loan Home library Current library Date acquired Source of acquisition Total Checkouts Full call number Barcode Date last seen Price effective from Koha item type
    Library of Congress Classification     Maasai Mara University Library -Main Campus Maasai Mara University Library -Main Campus 05/04/2016 Donation   HD30.27 .M34 1978 20129753 05/04/2016 05/04/2016 L
© 2016 Maasai Mara University.